000 00819nac a22002657a 4500
001 BR9700506
003 BR-BrBNA
005 20240105121828.0
008 230509b bl.|||m| |||| 00| 0 por d
040 _aBR-BrBNA
_bpor
_cBiblioteca Nacional de Agricultura
072 _aM12
090 _a8134 BR9700506
100 1 _aSouza, J.R. de
110 1 _aUniversidade Federal de Vicosa, MG (Brasil). Conselho de Extensao
_910969
245 1 _aCriacao de peixes (Tilapia e Carpa)
250 1 _a2. ed.
260 3 _aVicosa, MG (Brasil):
_c1984.
300 _a10 p.
490 _aInforme Tecnico - Universidade Federal de Vicosa. Conselho de Extensao (Brazil)
_vv. 5(18)
_x
650 _aTilapia
650 _aCarpa
650 _aCriacao
909 _a202312
_bLúcia Elande
_c55
_dLúcia Elande
942 _2AGRIS
_n0
_cMS
999 _c287706
_d287706